| 000 | 02577cam a2200493 i 4500 | ||
|---|---|---|---|
| 001 | 1333921240 | ||
| 003 | OCoLC | ||
| 005 | 20230614141848.0 | ||
| 008 | 220702t20232023nyua b 6 000 0 eng d | ||
| 020 | _a9780736443548 (hardcover) | ||
| 020 | _a0736443541 | ||
| 020 | _a9780736490368 (library binding) | ||
| 020 | _a0736490361 | ||
| 035 |
_a(OCoLC)1333921240 _z(OCoLC)1357136074 _z(OCoLC)1359914388 |
||
| 040 |
_aYDX _beng _erda _cYDX _dOCO _dRNL _dTXSPI _dJQW _dKCP _dYEQ _dTXSCH _dJTH _dCO2 |
||
| 049 | _aCO2A | ||
| 092 |
_bDisney _ajunior graphic |
||
| 100 | 1 |
_aCook, Katie, _d1981- _eauthor. _96013270 |
|
| 245 | 1 | 4 |
_aThe Never Girls, the graphic novel. _n1, _pMystery at mermaid lagoon / _cwritten by Katie Cook ; art by Kawaii Creative Studio ; design and lettering by Chris Dickey. |
| 246 | 3 | _aMystery at mermaid lagoon. | |
| 264 | 1 |
_aNew York, NY : _bRandom House Children's Books _c[2023] |
|
| 264 | 4 | _c©2023. | |
| 300 |
_a1 volume (unpaged) : _bchiefly color illustrations ; _c24 cm. |
||
| 336 | _atext | ||
| 336 | _astill image | ||
| 337 | _aunmediated | ||
| 338 | _avolume | ||
| 490 |
_aNever Girls - graphic: _v1. |
||
| 500 | _a"Based on the chapter book series by Kiki Thorpe"--Title page. | ||
| 520 | _aKate, Mia, Lainey, and Gabby are back--along with Tinker Bell and their fairy friends from Pixie Hollow--for more magical adventures together. In this first Disney: The Never Girls graphic novel, the girls find themselves in the middle of a mermaid-pirate feud that has all of Never Land taking sides! With old friends and new, an engaging mystery to solve, and fun full-color illustrations and comic panels, this book is sure to delight readers ages 6 to 9 and Never Girls fans of all ages. | ||
| 521 | 1 |
_a006-009. _bPenguin RandomHouse. |
|
| 650 | 0 |
_aNever-Never Land (Imaginary place) _vJuvenile fiction _vComic books, strips, etc. _96468942 |
|
| 650 | 0 |
_aFairies _vJuvenile fiction _vComic books, strips, etc. _96468943 |
|
| 650 | 0 |
_aMagic _vJuvenile fiction _vComic books, strips, etc. _96465185 |
|
| 650 | 0 |
_aMermaids _vJuvenile fiction _vComic books, strips, etc. _96468944 |
|
| 650 | 0 |
_aGirls _vJuvenile fiction _vComic books, strips, etc. _96468945 |
|
| 655 | 7 |
_aGraphic novel adaptations. _2lcgft. _95803233 |
|
| 655 | 7 |
_aGraphic novels. _2lcgft. |
|
| 700 | 1 |
_aDickey, Chris, _eletterer. _95810628 |
|
| 700 | 1 |
_aThorpe, Kiki, _ecreator. _948312 |
|
| 700 | 1 | 2 |
_aThorpe, Kiki. _tNever girls. _95739963 |
| 710 | 2 |
_aKawaii Creative Studio (Firm) _95762432 |
|
| 942 |
_2ddc _cBOOK |
||
| 999 |
_c385208 _d385208 |
||